000 00874nam a2200313Mi 4500
001 55613
005 20230410143127.0
008 910313s1988 xx 000 0 und d
035 _a(OCoLC)ocn165570228
040 _aGEBAY
_erakwb
_bger
_cGEBAY
020 _a8400068823
020 _a9788400068820
035 _a(OCoLC)165570228
050 1 4 _abE56 1988
049 _aGRAL
245 0 0 _aEnrique Amorim: La carreta
_cFernando Ainsa, coordinador
250 _aEd. crit., 1. ed.
260 _aNanterre
_bALLCA XXe Siáecle
_c1988
300 _aLV, 483 S. :
_bIll.
490 0 _aColección Archivos
_v10
500 _aKommentar zu: Amorim, Enrique: +La carreta
653 0 _aAmorim, Enrique / La carreta
700 1 _aAinsa, Fernando
700 1 _aAmorim, Enrique
773 1 8 _w(DE-MnBSB)85503
942 _2lcc
_cbk
946 _amjcruz
994 _aC0
_bDRFGD
999 _c96235
_d96235